宮城県の駅<路線別> - Statistics

General Stats
  • This quiz has been taken 7 times
  • The average score is 95 of 199
Answer Stats
都道府県 鉄道事業者 路線 % Correct
宮城県 東日本旅客鉄道 東北新幹線 白石蔵王
100%
宮城県 東日本旅客鉄道 東北新幹線 仙台
100%
宮城県 東日本旅客鉄道 東北新幹線 古川
100%
宮城県 東日本旅客鉄道 東北本線 白石
100%
宮城県 東日本旅客鉄道 東北本線 東白石
100%
宮城県 東日本旅客鉄道 東北本線 南仙台
100%
宮城県 東日本旅客鉄道 東北本線 長町
100%
宮城県 東日本旅客鉄道 東北本線 仙台
100%
宮城県 東日本旅客鉄道 東北本線 松島
100%
宮城県 東日本旅客鉄道 東北本線 小牛田
100%
宮城県 東日本旅客鉄道 東北本線(支線) 新利府
100%
宮城県 東日本旅客鉄道 東北本線(支線) 利府
100%
宮城県 東日本旅客鉄道 石巻線 小牛田
100%
宮城県 東日本旅客鉄道 石巻線 女川
100%
宮城県 東日本旅客鉄道 仙石線 あおば通
100%
宮城県 東日本旅客鉄道 仙石線 仙台
100%
宮城県 東日本旅客鉄道 仙石線 松島海岸
100%
宮城県 東日本旅客鉄道 陸羽東線 小牛田
100%
宮城県 東日本旅客鉄道 陸羽東線 古川
100%
宮城県 東日本旅客鉄道 陸羽東線 鳴子温泉
100%
宮城県 東日本旅客鉄道 仙山線 仙台
100%
宮城県 仙台市交通局 南北線 仙台
100%
宮城県 仙台市交通局 南北線 長町
100%
宮城県 仙台市交通局 東西線 仙台
100%
宮城県 東日本旅客鉄道 東北新幹線 くりこま高原
83%
宮城県 東日本旅客鉄道 東北本線 岩沼
83%
宮城県 東日本旅客鉄道 東北本線 名取
83%
宮城県 東日本旅客鉄道 東北本線 東仙台
83%
宮城県 東日本旅客鉄道 東北本線 国府多賀城
83%
宮城県 東日本旅客鉄道 石巻線 石巻
83%
宮城県 東日本旅客鉄道 仙石線 石巻
83%
宮城県 東日本旅客鉄道 仙山線 東照宮
83%
宮城県 東日本旅客鉄道 仙山線 北仙台
83%
宮城県 東日本旅客鉄道 仙山線 東北福祉大前
83%
宮城県 東日本旅客鉄道 仙山線 愛子
83%
宮城県 東日本旅客鉄道 常磐線 亘理
83%
宮城県 東日本旅客鉄道 常磐線 岩沼
83%
宮城県 仙台空港鉄道 仙台空港線 名取
83%
宮城県 仙台空港鉄道 仙台空港線 杜せきのした
83%
宮城県 仙台空港鉄道 仙台空港線 仙台空港
83%
宮城県 仙台市交通局 南北線 北仙台
83%
宮城県 仙台市交通局 東西線 国際センター
83%
宮城県 東日本旅客鉄道 東北本線 大河原
67%
宮城県 東日本旅客鉄道 東北本線 槻木
67%
宮城県 東日本旅客鉄道 東北本線 太子堂
67%
宮城県 東日本旅客鉄道 東北本線 陸前山王
67%
宮城県 東日本旅客鉄道 東北本線 塩釜
67%
宮城県 東日本旅客鉄道 大船渡線 気仙沼
67%
宮城県 東日本旅客鉄道 大船渡線BRT 気仙沼
67%
宮城県 東日本旅客鉄道 気仙沼線BRT 気仙沼
67%
宮城県 東日本旅客鉄道 仙石線 多賀城
67%
宮城県 東日本旅客鉄道 仙石線 西塩釜
67%
宮城県 東日本旅客鉄道 仙石線 本塩釜
67%
宮城県 東日本旅客鉄道 仙石線 東塩釜
67%
宮城県 東日本旅客鉄道 仙山線 作並
67%
宮城県 東日本旅客鉄道 仙山線 奥新川
67%
宮城県 仙台市交通局 南北線 泉中央
67%
宮城県 仙台市交通局 南北線 長町南
67%
宮城県 仙台市交通局 東西線 八木山動物公園
67%
宮城県 仙台市交通局 東西線 青葉山
67%
宮城県 仙台市交通局 東西線 川内
67%
宮城県 仙台市交通局 東西線 宮城野通
67%
宮城県 仙台市交通局 東西線 荒井
67%
宮城県 阿武隈急行 阿武隈急行線 槻木
67%
宮城県 東日本旅客鉄道 東北本線 越河
50%
宮城県 東日本旅客鉄道 東北本線 北白川
50%
宮城県 東日本旅客鉄道 東北本線 船岡
50%
宮城県 東日本旅客鉄道 東北本線 館腰
50%
宮城県 東日本旅客鉄道 東北本線 岩切
50%
宮城県 東日本旅客鉄道 東北本線 愛宕
50%
宮城県 東日本旅客鉄道 石巻線 涌谷
50%
宮城県 東日本旅客鉄道 気仙沼線BRT 志津川
50%
宮城県 東日本旅客鉄道 仙石線 宮城野原
50%
宮城県 東日本旅客鉄道 仙石線 陸前原ノ町
50%
宮城県 東日本旅客鉄道 仙石線 中野栄
50%
宮城県 東日本旅客鉄道 仙石線 高城町
50%
宮城県 東日本旅客鉄道 仙石線 石巻あゆみ野
50%
宮城県 東日本旅客鉄道 陸羽東線 西古川
50%
宮城県 東日本旅客鉄道 陸羽東線 川渡温泉
50%
宮城県 東日本旅客鉄道 陸羽東線 鳴子御殿湯
50%
宮城県 東日本旅客鉄道 仙山線 北山
50%
宮城県 東日本旅客鉄道 仙山線 国見
50%
宮城県 東日本旅客鉄道 仙山線 葛岡
50%
宮城県 東日本旅客鉄道 仙山線 陸前落合
50%
宮城県 東日本旅客鉄道 常磐線 山下
50%
宮城県 東日本旅客鉄道 常磐線 浜吉田
50%
宮城県 仙台空港鉄道 仙台空港線 美田園
50%
宮城県 仙台市交通局 南北線 八乙女
50%
宮城県 仙台市交通局 南北線 黒松
50%
宮城県 仙台市交通局 南北線 台原
50%
宮城県 仙台市交通局 南北線 北四番丁
50%
宮城県 仙台市交通局 南北線 勾当台公園
50%
宮城県 仙台市交通局 南北線 広瀬通
50%
宮城県 仙台市交通局 南北線 五橋
50%
宮城県 仙台市交通局 南北線 愛宕橋
50%
宮城県 仙台市交通局 南北線 河原町
50%
宮城県 仙台市交通局 南北線 長町一丁目
50%
宮城県 仙台市交通局 南北線 富沢
50%
宮城県 仙台市交通局 東西線 大町西公園
50%
宮城県 仙台市交通局 東西線 青葉通一番町
50%
宮城県 仙台市交通局 東西線 連坊
50%
宮城県 仙台市交通局 東西線 薬師堂
50%
宮城県 仙台市交通局 東西線 卸町
50%
宮城県 仙台市交通局 東西線 六丁の目
50%
宮城県 阿武隈急行 阿武隈急行線 あぶくま
50%
宮城県 阿武隈急行 阿武隈急行線 丸森
50%
宮城県 阿武隈急行 阿武隈急行線 角田
50%
宮城県 東日本旅客鉄道 東北本線 品井沼
33%
宮城県 東日本旅客鉄道 東北本線 鹿島台
33%
宮城県 東日本旅客鉄道 東北本線 松山町
33%
宮城県 東日本旅客鉄道 東北本線 新田
33%
宮城県 東日本旅客鉄道 東北本線 石越
33%
宮城県 東日本旅客鉄道 石巻線 前谷地
33%
宮城県 東日本旅客鉄道 石巻線 佳景山
33%
宮城県 東日本旅客鉄道 気仙沼線 前谷地
33%
宮城県 東日本旅客鉄道 気仙沼線 のの岳
33%
宮城県 東日本旅客鉄道 気仙沼線 柳津
33%
宮城県 東日本旅客鉄道 気仙沼線BRT 柳津
33%
宮城県 東日本旅客鉄道 気仙沼線BRT 大谷海岸
33%
宮城県 東日本旅客鉄道 仙石線 榴ケ岡
33%
宮城県 東日本旅客鉄道 仙石線 苦竹
33%
宮城県 東日本旅客鉄道 仙石線 陸前高砂
33%
宮城県 東日本旅客鉄道 仙石線 陸前浜田
33%
宮城県 東日本旅客鉄道 仙石線 陸前大塚
33%
宮城県 東日本旅客鉄道 仙石線 東名
33%
宮城県 東日本旅客鉄道 仙石線 野蒜
33%
宮城県 東日本旅客鉄道 仙石線 陸前小野
33%
宮城県 東日本旅客鉄道 仙石線 矢本
33%
宮城県 東日本旅客鉄道 仙石線 東矢本
33%
宮城県 東日本旅客鉄道 仙石線 陸前山下
33%
宮城県 東日本旅客鉄道 陸羽東線 陸前谷地
33%
宮城県 東日本旅客鉄道 陸羽東線 東大崎
33%
宮城県 東日本旅客鉄道 陸羽東線 西大崎
33%
宮城県 東日本旅客鉄道 仙山線 陸前白沢
33%
宮城県 阿武隈急行 阿武隈急行線 横倉
33%
宮城県 阿武隈急行 阿武隈急行線
33%
宮城県 東日本旅客鉄道 東北本線 田尻
17%
宮城県 東日本旅客鉄道 東北本線 瀬峰
17%
宮城県 東日本旅客鉄道 東北本線 梅ケ沢
17%
宮城県 東日本旅客鉄道 東北本線 有壁
17%
宮城県 東日本旅客鉄道 大船渡線BRT 内湾入口
17%
宮城県 東日本旅客鉄道 大船渡線BRT 鹿折唐桑
17%
宮城県 東日本旅客鉄道 大船渡線BRT 八幡大橋
17%
宮城県 東日本旅客鉄道 大船渡線BRT 唐桑大沢
17%
宮城県 東日本旅客鉄道 大船渡線BRT 上鹿折
17%
宮城県 東日本旅客鉄道 石巻線 上涌谷
17%
宮城県 東日本旅客鉄道 石巻線 鹿又
17%
宮城県 東日本旅客鉄道 石巻線 曽波神
17%
宮城県 東日本旅客鉄道 石巻線 陸前稲井
17%
宮城県 東日本旅客鉄道 石巻線 渡波
17%
宮城県 東日本旅客鉄道 石巻線 万石浦
17%
宮城県 東日本旅客鉄道 石巻線 沢田
17%
宮城県 東日本旅客鉄道 石巻線 浦宿
17%
宮城県 東日本旅客鉄道 気仙沼線 和渕
17%
宮城県 東日本旅客鉄道 気仙沼線 陸前豊里
17%
宮城県 東日本旅客鉄道 気仙沼線 御岳堂
17%
宮城県 東日本旅客鉄道 気仙沼線BRT 陸前横山
17%
宮城県 東日本旅客鉄道 気仙沼線BRT 陸前戸倉
17%
宮城県 東日本旅客鉄道 気仙沼線BRT 南三陸町役場・病院前
17%
宮城県 東日本旅客鉄道 気仙沼線BRT 志津川中央団地
17%
宮城県 東日本旅客鉄道 気仙沼線BRT 清水浜
17%
宮城県 東日本旅客鉄道 気仙沼線BRT 歌津
17%
宮城県 東日本旅客鉄道 気仙沼線BRT 陸前港
17%
宮城県 東日本旅客鉄道 気仙沼線BRT 蔵内
17%
宮城県 東日本旅客鉄道 気仙沼線BRT 陸前小泉
17%
宮城県 東日本旅客鉄道 気仙沼線BRT 本吉
17%
宮城県 東日本旅客鉄道 気仙沼線BRT 小金沢
17%
宮城県 東日本旅客鉄道 気仙沼線BRT 大谷まち
17%
宮城県 東日本旅客鉄道 気仙沼線BRT 陸前階上
17%
宮城県 東日本旅客鉄道 気仙沼線BRT 最知
17%
宮城県 東日本旅客鉄道 気仙沼線BRT 岩月
17%
宮城県 東日本旅客鉄道 気仙沼線BRT 松岩
17%
宮城県 東日本旅客鉄道 気仙沼線BRT 赤岩港
17%
宮城県 東日本旅客鉄道 気仙沼線BRT 気仙沼市立病院
17%
宮城県 東日本旅客鉄道 気仙沼線BRT 南気仙沼
17%
宮城県 東日本旅客鉄道 気仙沼線BRT 不動の沢
17%
宮城県 東日本旅客鉄道 気仙沼線BRT 東新城
17%
宮城県 東日本旅客鉄道 仙石線 小鶴新田
17%
宮城県 東日本旅客鉄道 仙石線 福田町
17%
宮城県 東日本旅客鉄道 仙石線 下馬
17%
宮城県 東日本旅客鉄道 仙石線 手樽
17%
宮城県 東日本旅客鉄道 仙石線 陸前富山
17%
宮城県 東日本旅客鉄道 仙石線 鹿妻
17%
宮城県 東日本旅客鉄道 仙石線 陸前赤井
17%
宮城県 東日本旅客鉄道 仙石線 蛇田
17%
宮城県 東日本旅客鉄道 陸羽東線 北浦
17%
宮城県 東日本旅客鉄道 陸羽東線 塚目
17%
宮城県 東日本旅客鉄道 陸羽東線 岩出山
17%
宮城県 東日本旅客鉄道 陸羽東線 有備館
17%
宮城県 東日本旅客鉄道 陸羽東線 上野目
17%
宮城県 東日本旅客鉄道 陸羽東線 池月
17%
宮城県 東日本旅客鉄道 陸羽東線 中山平温泉
17%
宮城県 東日本旅客鉄道 仙山線 熊ケ根
17%
宮城県 東日本旅客鉄道 常磐線 坂元
17%
宮城県 東日本旅客鉄道 常磐線 逢隈
17%
宮城県 仙台市交通局 南北線 旭ケ丘
17%
宮城県 阿武隈急行 阿武隈急行線 北丸森
17%
宮城県 阿武隈急行 阿武隈急行線 南角田
17%
宮城県 阿武隈急行 阿武隈急行線 東船岡
17%
No matching quizzes found
Score Distribution
Percent of People with Each Score
Percentile by Number Answered
Your Score History
You have not taken this quiz